Prawdziwe państwa - Nagła śmierć - Statystyki

Ogólne statystyki
  • Ten quiz został rozwiązany 108 razy
  • Średni wynik to 16 z 25
Answers on the Grid
Answers color-coded by a green-red scale on the quiz's grid according to % correct below.
Polska
Rumunia
Kanada
Portugalia
Finlandia
Macedonia Północna
Liechtenstein
Mongolia
Korea Południowa
Azerbejdżan
Oman
Turkmenistan
Brunei
Honduras
Saint Kitts i Nevis
Nikaragua
Gujana
Argentyna
Ekwador
Palau
Algieria
Czad
Uganda
Malawi
Dżibuti
Motagua
Meuropy
Zamberia
Kalakatia
Saint Grenadan
Pralka
Uzurbantia
Leszkot
Czyżew
Jarota
Lombazdia
Ternau
Laponia
Rabat
Strzembat
Barkat
Jep
Luzuara
Saint Domingo
Tryty
Tadżystan
Zjednoczone Stany Arabskie
Asyria
Bengal
Rouwana
 
Statystyki odpowiedzi
Odpowiedź % Poprawnych
Algieria
74%
Azerbejdżan
72%
Turkmenistan
72%
Macedonia Północna
70%
Oman
70%
Polska
68%
Portugalia
68%
Czad
67%
Korea Południowa
67%
Liechtenstein
67%
Mongolia
67%
Rumunia
67%
Argentyna
65%
Finlandia
65%
Uganda
65%
Honduras
64%
Dżibuti
62%
Nikaragua
62%
Brunei
61%
Ekwador
61%
Kanada
61%
Malawi
61%
Gujana
59%
Palau
58%
Saint Kitts i Nevis
58%
Nie znaleziono quizów pasujących do podanych kryteriów
Rozkład punktacji
Procent ludzi z każdym wynikiem
Percentyl według liczby udzielonych odpowiedzi
Twoja historia wyników
Nie rozwiązałeś tego quizu